Financovanie infraštruktúry prostredníctvom súkromného sektora
Účasť súkromných firiem na projektoch v oblasti dopravnej infraštruktúry. PPP projekty realizované najmä v anglosaských krajinách. Rakúska diaľnica do Čiech. Najaktívnejšie krajiny - Grécko a Maďarsko. Český pohľad na problematiku. Najväčšie percento rastu očakávané v sektore železničnej dopravy. Tr...
Saved in:
| Main Author: | |
|---|---|
| Format: | Book Chapter |
| Language: | Slovak |
| Subjects: | |
| Tags: |
No Tags, Be the first to tag this record!
|
MARC
| LEADER | 00000naa$a2200000$$$4500 | ||
|---|---|---|---|
| 001 | 0071727 | ||
| 005 | 20231108134652.4 | ||
| 041 | 0 | |a slo | |
| 044 | |a SK | ||
| 245 | 1 | 0 | |a Financovanie infraštruktúry prostredníctvom súkromného sektora |c Dana Pálková |
| 520 | |a Účasť súkromných firiem na projektoch v oblasti dopravnej infraštruktúry. PPP projekty realizované najmä v anglosaských krajinách. Rakúska diaľnica do Čiech. Najaktívnejšie krajiny - Grécko a Maďarsko. Český pohľad na problematiku. Najväčšie percento rastu očakávané v sektore železničnej dopravy. Transeurópska sieť a PPP. | ||
| 610 | 2 | 0 | |a doprava cestná |
| 610 | 2 | 0 | |a doprava železničná |
| 610 | 2 | 0 | |a diaľnice |
| 610 | 2 | 0 | |a financovanie |
| 610 | 2 | 0 | |a sektor súkromný |
| 610 | 2 | 0 | |a sektor verejný |
| 610 | 2 | 0 | |a partnerstvo verejno-súkromné |
| 610 | 2 | 0 | |a infraštruktúra |
| 610 | 2 | 0 | |a Európska únia |
| 100 | 1 | |a Pálková, Dana | |